<?xml version="1.0" encoding="UTF-8"?>
<record
    xmlns:xsi="http://www.w3.org/2001/XMLSchema-instance"
    xsi:schemaLocation="http://www.loc.gov/MARC21/slim http://www.loc.gov/standards/marcxml/schema/MARC21slim.xsd"
    xmlns="http://www.loc.gov/MARC21/slim">

  <leader>00851nam a22001577a 4500</leader>
  <controlfield tag="003">OSt</controlfield>
  <controlfield tag="005">20151112103740.0</controlfield>
  <controlfield tag="008">151112b        xxu||||| |||| 00| 0 eng d</controlfield>
  <datafield tag="040" ind1=" " ind2=" ">
    <subfield code="c">RUA</subfield>
  </datafield>
  <datafield tag="082" ind1=" " ind2=" ">
    <subfield code="a">FOR KIM 2004 B130 Or.1</subfield>
  </datafield>
  <datafield tag="100" ind1=" " ind2=" ">
    <subfield code="9">3589</subfield>
    <subfield code="a">KIM, MAKARA.</subfield>
  </datafield>
  <datafield tag="245" ind1=" " ind2=" ">
    <subfield code="a">comparison of the role of men and women in community based natural resources management between kohkos and tipou communes, santuk district kompong thom province (&#x1780;&#x17B6;&#x179A;&#x1794;&#x17D2;&#x179A;&#x17C0;&#x1794;&#x1792;&#x17C0;&#x1794;&#x178F;&#x17BD;&#x1793;&#x17B6;&#x1791;&#x17B8;&#x1794;&#x17BB;&#x179A;&#x179F; &#x1793;&#x17B7;&#x1784; &#x179F;&#x17D2;&#x178F;&#x17D2;&#x179A;&#x17B8;&#x1793;&#x17C4;&#x1780;&#x17D2;&#x1793;&#x17BB;&#x1784;&#x179F;&#x17A0;&#x1782;&#x1798;&#x1793;&#x17CD;&#x1782;&#x17D2;&#x179A;&#x1794;&#x17CB;&#x1782;&#x17D2;&#x179A;&#x1784;&#x1792;&#x1793;&#x1792;&#x17B6;&#x1793;&#x1792;&#x1798;&#x17D2;&#x1798;&#x1787;&#x17B6;&#x178F;&#x17B7; &#x1783;&#x17BB;&#x17C6;&#x1780;&#x1780;&#x17C4;&#x17C7; &#x1793;&#x17B7;&#x1784; &#x1783;&#x17BB;&#x17C6;&#x1791;&#x17B8;&#x1796;&#x17C4;&#x179A; &#x179F;&#x17D2;&#x179A;&#x17BB;&#x1780;&#x179F;&#x1793;&#x17D2;&#x1791;&#x17BB;&#x1780; &#x1781;&#x17C1;&#x178F;&#x17D2;&#x178F;&#x1780;&#x17C6;&#x1796;&#x1784;&#x17CB;&#x1792;&#x17C6;)</subfield>
  </datafield>
  <datafield tag="260" ind1=" " ind2=" ">
    <subfield code="a">Phnom Penh</subfield>
    <subfield code="b">RUA</subfield>
    <subfield code="c">2004</subfield>
  </datafield>
  <datafield tag="300" ind1=" " ind2=" ">
    <subfield code="a">ix, 46p.</subfield>
    <subfield code="b">ill.</subfield>
    <subfield code="c">29cm.</subfield>
  </datafield>
  <datafield tag="942" ind1=" " ind2=" ">
    <subfield code="2">ddc</subfield>
    <subfield code="c">FOR</subfield>
  </datafield>
  <datafield tag="999" ind1=" " ind2=" ">
    <subfield code="c">3342</subfield>
    <subfield code="d">3342</subfield>
  </datafield>
  <datafield tag="952" ind1=" " ind2=" ">
    <subfield code="0">0</subfield>
    <subfield code="1">0</subfield>
    <subfield code="2">ddc</subfield>
    <subfield code="4">0</subfield>
    <subfield code="6">FOR_KIM_2004_000000000000000_B130_OR_1</subfield>
    <subfield code="7">0</subfield>
    <subfield code="9">15684</subfield>
    <subfield code="a">LBB</subfield>
    <subfield code="b">LBB</subfield>
    <subfield code="c">B130</subfield>
    <subfield code="d">2015-11-12</subfield>
    <subfield code="l">1</subfield>
    <subfield code="o">FOR KIM 2004 B130 Or.1</subfield>
    <subfield code="p">RUA028292</subfield>
    <subfield code="r">2023-08-22</subfield>
    <subfield code="s">2023-07-19</subfield>
    <subfield code="w">2015-11-12</subfield>
    <subfield code="y">FOR</subfield>
  </datafield>
  <datafield tag="952" ind1=" " ind2=" ">
    <subfield code="0">0</subfield>
    <subfield code="1">0</subfield>
    <subfield code="2">ddc</subfield>
    <subfield code="4">0</subfield>
    <subfield code="6">FOR_KIM_2004_000000000000000_B130_OR_2</subfield>
    <subfield code="7">0</subfield>
    <subfield code="9">15685</subfield>
    <subfield code="a">LBB</subfield>
    <subfield code="b">LBB</subfield>
    <subfield code="c">B130</subfield>
    <subfield code="d">2015-11-12</subfield>
    <subfield code="l">1</subfield>
    <subfield code="o">FOR KIM 2004 B130 Or.2</subfield>
    <subfield code="p">RUA028945</subfield>
    <subfield code="r">2023-07-03</subfield>
    <subfield code="s">2023-06-05</subfield>
    <subfield code="w">2015-11-12</subfield>
    <subfield code="y">FOR</subfield>
  </datafield>
  <datafield tag="952" ind1=" " ind2=" ">
    <subfield code="0">0</subfield>
    <subfield code="1">0</subfield>
    <subfield code="2">ddc</subfield>
    <subfield code="4">0</subfield>
    <subfield code="6">FOR_KIM_2004_000000000000000_B130_OR_3</subfield>
    <subfield code="7">0</subfield>
    <subfield code="9">15686</subfield>
    <subfield code="a">LBB</subfield>
    <subfield code="b">LBB</subfield>
    <subfield code="c">B130</subfield>
    <subfield code="d">2015-11-12</subfield>
    <subfield code="l">1</subfield>
    <subfield code="o">FOR KIM 2004 B130 Or.3</subfield>
    <subfield code="p">RUA026093</subfield>
    <subfield code="r">2023-01-27</subfield>
    <subfield code="s">2023-01-20</subfield>
    <subfield code="w">2015-11-12</subfield>
    <subfield code="y">FOR</subfield>
  </datafield>
  <datafield tag="952" ind1=" " ind2=" ">
    <subfield code="0">0</subfield>
    <subfield code="1">0</subfield>
    <subfield code="2">ddc</subfield>
    <subfield code="4">0</subfield>
    <subfield code="6">FOR_KIM_2004_000000000000000_B130_OR_4</subfield>
    <subfield code="7">0</subfield>
    <subfield code="9">15687</subfield>
    <subfield code="a">LBB</subfield>
    <subfield code="b">LBB</subfield>
    <subfield code="c">B130</subfield>
    <subfield code="d">2015-11-12</subfield>
    <subfield code="l">1</subfield>
    <subfield code="o">FOR KIM 2004 B130 Or.4</subfield>
    <subfield code="p">RUA010263</subfield>
    <subfield code="r">2023-02-17</subfield>
    <subfield code="s">2023-01-24</subfield>
    <subfield code="w">2015-11-12</subfield>
    <subfield code="y">FOR</subfield>
  </datafield>
  <datafield tag="952" ind1=" " ind2=" ">
    <subfield code="0">0</subfield>
    <subfield code="1">0</subfield>
    <subfield code="2">ddc</subfield>
    <subfield code="4">0</subfield>
    <subfield code="6">FOR_KIM_2004_000000000000000_B130_OR_5</subfield>
    <subfield code="7">0</subfield>
    <subfield code="9">15688</subfield>
    <subfield code="a">LBB</subfield>
    <subfield code="b">LBB</subfield>
    <subfield code="c">B130</subfield>
    <subfield code="d">2015-11-12</subfield>
    <subfield code="o">FOR KIM 2004 B130 Or.5</subfield>
    <subfield code="p">RUA028400</subfield>
    <subfield code="r">2015-11-12</subfield>
    <subfield code="w">2015-11-12</subfield>
    <subfield code="y">FOR</subfield>
  </datafield>
  <datafield tag="952" ind1=" " ind2=" ">
    <subfield code="0">0</subfield>
    <subfield code="1">0</subfield>
    <subfield code="2">ddc</subfield>
    <subfield code="4">0</subfield>
    <subfield code="6">FOR_KIM_2004_000000000000000_B130_OR_6</subfield>
    <subfield code="7">0</subfield>
    <subfield code="9">15689</subfield>
    <subfield code="a">LBB</subfield>
    <subfield code="b">LBB</subfield>
    <subfield code="c">B130</subfield>
    <subfield code="d">2015-11-12</subfield>
    <subfield code="o">FOR KIM 2004 B130 Or.6</subfield>
    <subfield code="p">RUA028472</subfield>
    <subfield code="r">2015-11-12</subfield>
    <subfield code="w">2015-11-12</subfield>
    <subfield code="y">FOR</subfield>
  </datafield>
</record>
